The noble scholar, jurist, historian


 His Excellency Dr. Abdul Wahhab bin Ibrahim Abu Sulaiman, may Allah have mercy on him.


 He was born in Umm Al-Qura in the year 1356 AH.

كتاب الشروط وعلوم الصكوك / (Record no. 11734)

MARC details
000 -LEADER
fixed length control field 01296cam a2200313 i 4500
003 - CONTROL NUMBER IDENTIFIER
control field SA-RiAUC
005 - DATE AND TIME OF LATEST TRANSACTION
control field 20250915054859.0
008 - FIXED-LENGTH DATA ELEMENTS--GENERAL INFORMATION
fixed length control field 250912s1980 iq g 00000 ara c
040 ## - CATALOGING SOURCE
Original cataloging agency SA-JeALM
Language of cataloging ara
Transcribing agency SA-RiAUC
Description conventions rda
082 04 - DEWEY DECIMAL CLASSIFICATION NUMBER
Classification number 253.1
090 ## - LOCALLY ASSIGNED LC-TYPE CALL NUMBER (OCLC); LOCAL CALL NUMBER (RLIN)
Classification number (OCLC) (R) ; Classification number, CALL (RLIN) (NR) 253.1
Local cutter number (OCLC) ; Book number/undivided call number, CALL (RLIN) س م ر
100 1# - MAIN ENTRY--PERSONAL NAME
Personal name السمرقندي، أحمد بن محمد السمرقندي،
Dates associated with a name توفي 550 هجري
Relator term مؤلف.
245 10 - TITLE STATEMENT
Title كتاب الشروط وعلوم الصكوك /
Statement of responsibility, etc. أبو نصر أحمد بن محمد السمرقندي ؛ دراسة وتحقيق محمد جاسم الحديثي.
246 30 - VARYING FORM OF TITLE
Title proper/short title الشروط وعلوم الصكوك
264 #1 - PRODUCTION, PUBLICATION, DISTRIBUTION, MANUFACTURE, AND COPYRIGHT NOTICE
Place of production, publication, distribution, manufacture بغداد :
Name of producer, publisher, distributor, manufacturer دار الشؤون الثقافية العامة،
Date of production, publication, distribution, manufacture, or copyright notice 1987.
300 ## - PHYSICAL DESCRIPTION
Extent 620 صفحة ؛
Dimensions 23 سم.
336 ## - CONTENT TYPE
Content type term نص
Content type code txt
Source rdacontent
Materials specified كتاب
337 ## - MEDIA TYPE
Media type term بدون وسيط
Media type code n
Source rdamedia
338 ## - CARRIER TYPE
Carrier type term مجلد
Carrier type code nc
Source rdacarrier
440 #0 - SERIES STATEMENT/ADDED ENTRY--TITLE
Title سلسلة خزانة التراث
650 #7 - SUBJECT ADDED ENTRY--TOPICAL TERM
Topical term or geographic name entry element المعاملات (فقه إسلامي)
Source of heading or term aucsh
650 #7 - SUBJECT ADDED ENTRY--TOPICAL TERM
Topical term or geographic name entry element الشركات
Source of heading or term aucsh
650 #7 - SUBJECT ADDED ENTRY--TOPICAL TERM
Topical term or geographic name entry element البيع
Source of heading or term aucsh
650 #7 - SUBJECT ADDED ENTRY--TOPICAL TERM
Topical term or geographic name entry element الوقف
Source of heading or term aucsh
650 #7 - SUBJECT ADDED ENTRY--TOPICAL TERM
Topical term or geographic name entry element الهبة (فقه إسلامي)
Source of heading or term aucsh
700 1# - ADDED ENTRY--PERSONAL NAME
Personal name الحديثي، محمد جاسم
Relator term محقق.
942 ## - ADDED ENTRY ELEMENTS (KOHA)
Source of classification or shelving scheme Dewey Decimal Classification
Koha item type Books
Suppress in OPAC No
949 ## - LOCAL PROCESSING INFORMATION (OCLC)
a SA-JeALM
d 250912
u mohamedma123
n 1
Holdings
Withdrawn status Lost status Source of classification or shelving scheme Damaged status Not for loan Home library Current library Date acquired Total checkouts Full call number Barcode Date last seen Price effective from Koha item type
    Dewey Decimal Classification     DR AbdElwahab Library DR AbdElwahab Library 09/15/2025   253.1 س م ر 000018923 09/15/2025 09/15/2025 Books